[Event "South America-ch U20"]
[Site "Santa Cruz"]
[Date "2014.04.28"]
[Round "7"]
[White "Mendoza, Rodrigo"]
[Black "Salazar Farias, Luis German"]
[Result "0-1"]
[WhiteElo "2156"]
[BlackElo "2175"]
[PlyCount "102"]
[EventDate "2014.04.24"]
[EventType "swiss"]
[EventRounds "9"]
[EventCountry "BOL"]
[SourceTitle "CBM 160 Extra"]
[Source "ChessBase"]
[SourceDate "2014.07.01"]
[SourceVersion "1"]
[SourceVersionDate "2014.07.01"]
[SourceQuality "1"]

1. d4 d5 2. c4 e6 3. Nc3 Be7 4. Qc2 c6 5. Nf3 Nf6 6. e3 0-0 7. Bd3 Na6 8. a3 c5 9. 0-0 cxd4 10. exd4 dxc4 11. Bxc4 Nc7 12. Bf4 Ncd5 13. Bg5 Nxc3 14. bxc3 b6 15. Bd3 h6 16. Bxf6 Bxf6 17. Be4 Rb8 18. a4 Qc7 19. Rfc1 Rd8 20. h3 Bb7 21. Bxb7 Qxb7 22. Qe2 Rbc8 23. Rab1 Qd5 24. Rc2 Qc6 25. Qa6 Rc7 26. Qb5 Bxd4 27. Nxd4 Rxd4 28. Qxc6 Rxc6 29. a5 bxa5 30. Rb8+ Kh7 31. Rb7 Rd1+ 32. Kh2 Ra6 33. Rxf7 a4 34. Ra2 Rb1 35. c4 Rb3 36. c5 Rc3 37. Rf4 Rxc5 38. Rfxa4 Rxa4 39. Rxa4 a5 40. Re4 e5 41. Kg3 Kg6 42. Re2 Kf5 43. Kh4 g6 44. g4+ Ke6 45. Kg3 g5 46. Ra2 Kd5 47. Rd2+ Kc4 48. h4 a4 49. Rd6 gxh4+ 50. Kxh4 Ra5 51. Kh5 a3 0-1